Thế giới số

সংরক্ষণ করুন:
গ্রন্থ-পঞ্জীর বিবরন
প্রধান লেখক: Hội Tin học Việt Nam
বিন্যাস: গ্রন্থ
ভাষা:Undetermined
প্রকাশিত: Hà Nội
বিষয়গুলি:
অনলাইন ব্যবহার করুন:http://lrc.tdmu.edu.vn/opac/search/detail.asp?aID=2&ID=6899
ট্যাগগুলো: ট্যাগ যুক্ত করুন
কোনো ট্যাগ নেই, প্রথমজন হিসাবে ট্যাগ করুন!
Thư viện lưu trữ: Trung tâm Học liệu Trường Đại học Thủ Dầu Một
LEADER 00485nam a2200145Ia 4500
001 TDMU_6899
008 210410s9999 xx 000 0 und d
082 |a NULL 
100 |a Hội Tin học Việt Nam 
245 0 |a Thế giới số 
260 |a Hà Nội 
300 |a 80tr 
650 |a Tạp chí Tin học & Đời sống  
856 |u http://lrc.tdmu.edu.vn/opac/search/detail.asp?aID=2&ID=6899 
980 |a Trung tâm Học liệu Trường Đại học Thủ Dầu Một